Random Turkish Football Players - Statistics

General Stats
  • This quiz has been taken 43 times
  • The average score is 9 of 16
Answer Stats
Aktiflik Takım Mevki Oyuncu % Correct
Aktif Inter Milan OS Hakan Çalhanoğlu
100%
Aktif Juventus FV Kenan Yıldız
95%
Aktif Benfica SLK Kerem Aktürkoğlu
95%
Aktif Real Madrid OOS Arda Güler
85%
Aktif Manchester United KL Altay Bayındır
75%
Aktif Al-Ahli DF Merih Demiral
75%
Aktif Galatasaray DF Abdülkerim Bardakçı
73%
Aktif Galatasaray SLK Barış Alper Yılmaz
68%
Eski Beşiktaş KL Rüştü Reçber
55%
Eski Fenerbahçe KL Volkan Demirel
55%
Eski Fenerbahçe OS Emre Belözoğlu
40%
Eski Galatasaray OS Arda Turan
38%
Aktif Fenerbahçe SĞK Cengiz Ünder
30%
Aktif Eyüpspor (Kiralık) SĞK Emre Mor
30%
Eski Eskişehirspor OOS Sergen Yalçın
23%
Eski Orduspor SNT Fatih Tekke
5%
No matching quizzes found
Score Distribution
Percent of People with Each Score
Percentile by Number Answered
Your Score History
You have not taken this quiz